000 00390nam a2200181Ia 4500
001 9763
005 20260306161742.0
008 260306t2012||||xx |||||||||||||| ||spa||
041 _aESP
082 _a413.028
_bH53
100 _aHildebrandt, Martha
_eAUT
245 0 _aEl habla culta
260 _c2012
300 _a
_c
650 _aGEN
654 _aCHU
942 _cLIB
_dJUS
_fJUS
_2ddc
_n
999 _c9763
_d9763